| 000 -LEADER |
| fixed length control field |
01041cam a22002654a 4500 |
| 003 - CONTROL NUMBER IDENTIFIER |
| control field |
OSt |
| 005 - DATE AND TIME OF LATEST TRANSACTION |
| control field |
20200520114040.0 |
| 008 - FIXED-LENGTH DATA ELEMENTS--GENERAL INFORMATION |
| fixed length control field |
040527s2005 dcuab b 001 0 eng |
| 020 ## - INTERNATIONAL STANDARD BOOK NUMBER |
| International Standard Book Number |
1559637161 (pbk. : alk. paper) |
| 082 00 - DEWEY DECIMAL CLASSIFICATION NUMBER |
| Classification number |
304.2PER |
| Edition number |
22 |
| 100 1# - MAIN ENTRY--PERSONAL NAME |
| Personal name |
Perlman, Dan L. |
| 245 10 - TITLE STATEMENT |
| Title |
Practical ecology for planners, developers, and citizens / |
| Statement of responsibility, etc |
Dan L. Perlman, Jeffrey C. Milder. |
| 260 ## - PUBLICATION, DISTRIBUTION, ETC. (IMPRINT) |
| Place of publication, distribution, etc |
Washington, DC : |
| Name of publisher, distributor, etc |
Island Press : |
| Place of publication, distribution, etc |
[Cambridge, Mass.] ; |
| Name of publisher, distributor, etc |
Lincoln Institute of land policy, |
| Date of publication, distribution, etc |
c2005. |
| 300 ## - PHYSICAL DESCRIPTION |
| Extent |
xvi, 294 p. : |
| Other physical details |
ill. (some col.), col. maps ; |
| Dimensions |
27 cm. |
| 504 ## - BIBLIOGRAPHY, ETC. NOTE |
| Bibliography, etc |
Includes bibliographical references (p. [273]-281) and index. |
| 650 #0 - SUBJECT ADDED ENTRY--TOPICAL TERM |
| Topical term or geographic name as entry element |
Nature |
| General subdivision |
Effect of human beings on. |
| 650 #0 - SUBJECT ADDED ENTRY--TOPICAL TERM |
| Topical term or geographic name as entry element |
Land use |
| General subdivision |
Environmental aspects. |
| 650 #0 - SUBJECT ADDED ENTRY--TOPICAL TERM |
| Topical term or geographic name as entry element |
City planning |
| General subdivision |
Environmental aspects. |
| 650 #0 - SUBJECT ADDED ENTRY--TOPICAL TERM |
| Topical term or geographic name as entry element |
Regional planning |
| General subdivision |
Environmental aspects. |
| 650 #0 - SUBJECT ADDED ENTRY--TOPICAL TERM |
| Topical term or geographic name as entry element |
Urban ecology (Sociology) |
| 650 #0 - SUBJECT ADDED ENTRY--TOPICAL TERM |
| Topical term or geographic name as entry element |
Conservation of natural resources. |
| 700 1# - ADDED ENTRY--PERSONAL NAME |
| Personal name |
Milder, Jeffrey C. |
| 710 2# - ADDED ENTRY--CORPORATE NAME |
| Corporate name or jurisdiction name as entry element |
Lincoln Institute of Land Policy. |
| 942 ## - ADDED ENTRY ELEMENTS (KOHA) |
| Source of classification or shelving scheme |
|